000 00571nam a2200229Ia 4500
003 OSt
005 20221005123646.0
006 a|||||r|||| 00| 0
007 ta
008 221004b |||||||| |||| 00| 0 mal d
024 _a56122
037 _cTextual
040 _aCRL
_cCRL
_bmal
041 _2mal
_amal
082 _aO32,2N,3, J9
100 _aKurup Sankara Au.
245 0 _aMadhyama viyagogam
260 _c1959
650 _aMALAYALAM DRAMA
_9207189
942 _hO32,2N,3, J9
_cTEXL
_2cc
999 _c1048048
_d1048048